00728nam a2200193 a 450000100100000000500170001000800410002702000150006804000250008310000260010824501160013426000410025030000330029165000230032470000250034770000400037295201050041299900170051700003628220200930075639.0120112s1988 sp a 000 0 spa d a8475921949 aDO-SdBNPbspacBNPHU1 aKershaw, Betty96240210aModelos de enfermería /cBetty Kershaw, Jane Salvage ; traducción de la edición original Ma. Teresa Luis. aBarcelona :bEdiciones Doyma,c1988. axiv, 129 p. :bil. ;c22 cm.24aEnfermería923421 aSalvage, Jane9624031 aLuis, María Teresa,etrad.962404 001050718MOaGRbGRcCTd2012-01-12iLF1l0o p36283-10r2020-06-25w2020-06-25y1ZNo se presta c35773d35773